|
|
|
|
| LEADER |
01115nab#a2200409#ar4500 |
| 001 |
000108021 |
| 003 |
SVKKK |
| 005 |
20120425100456.0 |
| 008 |
120425c2011 xo |||||||||||||||b|eng |
| FMT |
|
|
|
| 015 |
|
|
|a SNBRB2012/04
|
| 038 |
|
|
|a SVKKK
|
| 040 |
|
|
|a SVKKK
|b slo
|e AACR2
|
| 041 |
0 |
|
|a eng
|b eng
|b slo
|
| 044 |
|
|
|a xo
|c SK
|
| 080 |
|
|
|a 332.14
|x (437.6)
|2 1997
|
| 100 |
1 |
|
|a Buček, Ján
|4 aut
|
| 245 |
1 |
0 |
|a Building of regional self-government in Slovakia : the first decade
|c Ján Buček
|
| 246 |
3 |
1 |
|a Prvé desaťročie budovania regionálnej samosprávy na Slovensku
|
| 300 |
|
|
|b Obr., tab.
|
| 504 |
|
|
|a Bibliogr. odkazy
|
| 546 |
|
|
|a Res. angl., slov.
|
| 650 |
0 |
4 |
|a regionálna samospráva
|
| 650 |
0 |
4 |
|a inštitúcie
|
| 650 |
0 |
4 |
|a financie
|
| 650 |
0 |
4 |
|a regionálny rozvoj
|
| 651 |
|
4 |
|a Slovensko
|
| 773 |
0 |
|
|t Geografický časopis
|g Roč. 63, č. 1 (2011), s. 3-27
|x 0016-7193
|
| 958 |
|
|
|a NB
|
| 958 |
|
|
|a SK
|
| 974 |
|
|
|a Va
|
| 992 |
|
|
|a RBX
|
| BAS |
|
|
|
| 852 |
|
|
|a SVKKK
|b BIB
|
| 856 |
4 |
1 |
|a http://www.sav.sk/journals/uploads/02201358GC-11-1-Bucek.pdf
|
| EXP |
|
|
|
| 998 |
|
|
|a GEO
|